Matematické modelovanie ponorného extrakčno-adsorpčného modulu pre in-situ odstraňovanie produktov fermentácie
Saved in:
| Main Author: | |
|---|---|
| Other Authors: | |
| Format: | Manuscript Book |
| Language: | Slovak |
| Published: |
2019
|
| Subjects: | |
| Online Access: | http://is.stuba.sk/zp/portal_zp.pl?podrobnosti=144418 |
| Tags: |
No Tags, Be the first to tag this record!
|
MARC
| LEADER | 00000ntm a22000003a 4500 | ||
|---|---|---|---|
| 001 | stuzp74810 | ||
| 003 | SK-STU | ||
| 005 | 20190622212227.7 | ||
| 007 | ta | ||
| 008 | 150427s2015----xo-----f-mn---000-0-slo-d | ||
| 040 | |a STU |b slo | ||
| 041 | 0 | |a slo | |
| 100 | 1 | |a Vagaská, Zuzana |u 046230 |4 aut |U FCHPT Ústav chemického a environmentálneho inžinierstva |T FCHPT Oddelenie chemického a biochemického inžinierstva |X 82094 |U C6230 |Y 119 |7 82094 | |
| 242 | 0 | 1 | |a Mathematical modelling of immersed extraction-adsorption module for in-situ product removal |y eng |
| 245 | 1 | 0 | |a Matematické modelovanie ponorného extrakčno-adsorpčného modulu pre in-situ odstraňovanie produktov fermentácie |
| 260 | |c 2019 | ||
| 650 | 4 | |a transport látky |2 slo | |
| 650 | 4 | |a difúzia |2 slo | |
| 650 | 4 | |a membránová extrakcia |2 slo | |
| 650 | 4 | |a adsorpcia |2 slo | |
| 650 | 4 | |a 2-fenyletanol |2 slo | |
| 650 | 4 | |a mass transfer |2 eng | |
| 650 | 4 | |a diffusion |2 eng | |
| 650 | 4 | |a membrane extraction |2 eng | |
| 650 | 4 | |a adsorption |2 eng | |
| 650 | 4 | |a 2-phenylethanol |2 eng | |
| 700 | 1 | |a Mihaľ, Mário |u 046230 |k Z1 |4 ths |U FCHPT Ústav chemického a environmentálneho inžinierstva |T FCHPT Oddelenie chemického a biochemického inžinierstva |X 21569 |U C6230 |Y 119 |7 A0000021569 | |
| 856 | 4 | |u http://is.stuba.sk/zp/portal_zp.pl?podrobnosti=144418 | |